000 00503nam a2200181Ia 4500
005 20250508152433.0
008 008 250505s9999 xx 000 0 eng d
037 _aTextual
040 _aFEDL
_beng
_cFEDL
041 _aeng
_2eng
084 _a793.307, RUS
_qFEDL
100 _aRussell Joan
_9761482
245 0 _aModern dance in education
260 _aLondon, UK
_bMacdonald and Evans Limited
_c1958
300 _a99p.
942 _cTEXL
_h793.307, RUS
999 _c1336411
_d1336411